| 000 | 01089pam a2200277 a 4500 | ||
|---|---|---|---|
| 020 | _a083064024X (hard) : | ||
| 020 | _a0830640258 (paper) : | ||
| 082 | 0 | 0 |
_a507.8 _bPRO _cL-NUST-01, P-47 |
| 100 | 1 |
_aProchnow, Dave. _938913 |
|
| 245 | 1 | 0 |
_aHow? : _bmore experiments for the young scientist / _cDave and Kathy Prochnow. |
| 250 | _a1st ed. | ||
| 260 |
_aBlue Ridge Summit, PA : _bTAB Books, _c1993. |
||
| 300 |
_avii, 152 p. : _bill. ; _c25 cm. |
||
| 500 | _aIncludes index. | ||
| 520 | _aPresents forty-three experiments in such areas as structural engineering, astronomy, chemistry, and meteorology. | ||
| 526 |
_a0 _b0 _c0 _d507_800000000000000_PRO |
||
| 650 | 0 |
_aEngineering _xExperiments _xJuvenile literature. _938914 |
|
| 650 | 0 |
_aEngineering _xMiscellanea _xJuvenile literature. _938915 |
|
| 650 | 0 |
_aNUST _96342 |
|
| 650 | 0 |
_aScience _xExperiments _xJuvenile literature. _938916 |
|
| 650 | 0 |
_aScience _xMiscellanea _xJuvenile literature. _938917 |
|
| 650 | 1 |
_aExperiments. _938918 |
|
| 650 | 1 |
_aScience _xExperiments. _938919 |
|
| 700 | 1 |
_aProchnow, Kathy. _938920 |
|
| 942 |
_2ddc _cBK |
||
| 999 |
_c543527 _d543527 |
||